Państwa bez dostępu do morza-nagła śmierć - Statystyki

Ogólne statystyki
  • Ten quiz został rozwiązany 96 razy
  • Średni wynik to 6 z 11
Answers on the Grid
Answers color-coded by a green-red scale on the quiz's grid according to % correct below.
Niger
Irak
Bośnia i Hercegowina
Salwador
Mali
Bahrajn
Czechy
Zimbabwe
Kazachstan
Brunei
Litwa
Etiopia
Dżibuti
Mołdawia
Gambia
Polska
Pakistan
Laos
Jordania
Gujana
Malawi
Bhutan
Katar
Boliwia
 
Statystyki odpowiedzi
Odpowiedź % Poprawnych
Czechy
86%
Niger
76%
Kazachstan
71%
Mołdawia
65%
Boliwia
55%
Mali
55%
Bhutan
53%
Etiopia
51%
Zimbabwe
49%
Malawi
41%
Laos
35%
Nie znaleziono quizów pasujących do podanych kryteriów
Rozkład punktacji
Procent ludzi z każdym wynikiem
Percentyl według liczby udzielonych odpowiedzi
Twoja historia wyników
Nie rozwiązałeś tego quizu